000 00857cab a2200265 4500
001 ABS52867
008 090401t1995 xxu||||| |||| 00| 0 eng d
035 _a(Sirsi) u562
041 _aeng
100 _aHarris, A.
245 2 _aA fair deal for owners
260 _c1995
350 _a0
490 _aEstates Times
_v(1278) 5 May 1995, 6(1)
520 _aDiscusses the implications of proposals to allow the public to make representation to the Department of National Heritage on the suitability of the building to be listed. Suggests it could allow owners a fairer chance to contest the listing.
650 _aCONSULTATION PAPER
650 _aECONOMIC VIABILITY
650 _aLISTED BUILDINGS
650 _aLISTING
650 _aPPG15
690 _aCONSERVATION
690 _aPLANNING LAW AND PRACTICE
942 _n0
948 _c04/03/1997
999 _c266
_d266